|
|
|
|
| LEADER |
01672nam a2200409 i 4500 |
| 001 |
EBC6715872 |
| 003 |
MiAaPQ |
| 005 |
20220608142339.0 |
| 006 |
m o d | |
| 007 |
cr cnu|||||||| |
| 008 |
220608s2021 ncuab o 001 0 eng d |
| 020 |
|
|
|z 9781478013723
|q (print)
|
| 020 |
|
|
|a 9781478021957
|q (electronic bk.)
|
| 035 |
|
|
|a (MiAaPQ)EBC6715872
|
| 035 |
|
|
|a (Au-PeEL)EBL6715872
|
| 035 |
|
|
|a (OCoLC)1264412352
|
| 040 |
|
|
|a MiAaPQ
|b eng
|e rda
|e pn
|c MiAaPQ
|d MiAaPQ
|
| 043 |
|
|
|a cl-----
|
| 050 |
|
4 |
|a HD9019.C632
|b .C633 2021
|
| 082 |
0 |
|
|a 363.45098
|2 23
|
| 245 |
0 |
0 |
|a Cocaine :
|b from coca fields to the streets /
|c Enrique Desmond Arias and Thomas Grisaffi, editors.
|
| 264 |
|
1 |
|a Durham ;
|a London :
|b Duke University Press,
|c [2021]
|
| 264 |
|
4 |
|c Ã2021
|
| 300 |
|
|
|a 1 online resource (x, 366 pages) :
|b illustrations, maps
|
| 336 |
|
|
|a text
|b txt
|2 rdacontent
|
| 337 |
|
|
|a computer
|b c
|2 rdamedia
|
| 338 |
|
|
|a online resource
|b cr
|2 rdacarrier
|
| 500 |
|
|
|a Includes index.
|
| 588 |
|
|
|a Description based on print version record.
|
| 590 |
|
|
|a Electronic reproduction. Ann Arbor, MI : ProQuest, 2018. Available via World Wide Web. Access may be limited to ProQuest affiliated libraries.
|
| 650 |
|
0 |
|a Cocaine industry
|z Latin America.
|
| 655 |
|
4 |
|a Electronic books.
|
| 700 |
1 |
|
|a Arias, Enrique Desmond,
|e editor.
|
| 700 |
1 |
|
|a Grisaffi, Thomas,
|d 1980-
|e editor.
|
| 776 |
0 |
8 |
|i Print version:
|t Cocaine : from coca fields to the streets.
|d Durham ; London : Duke University Press, c2021
|h x, 366 pages
|z 9781478013723
|
| 797 |
2 |
|
|a ProQuest (Firm)
|
| 856 |
4 |
0 |
|u https://ebookcentral.proquest.com/lib/matrademy/detail.action?docID=6715872
|z Click to View
|